Statistics for Dutch Words Translations

Click here to take the quiz!

General Stats

  • This quiz has been taken 137 times
  • The average score is 11 of 15

Answer Stats

Dutch WordTranslation% Correct
IkMe
99%
NeeNo
98%
HondDog
93%
KinderenChildren
91%
RechtsRight
90%
JijYou
88%
WaaromWhy
86%
WaarWhere
79%
KoeCow
77%
DaarThere
77%
WereldWorld
77%
SnelQuick
60%
OnsUs
57%
OngelukAccident
38%
FlitsLightning
17%

Score Distribution

Percentile by Number Answered

Percent of People with Each Score

Your Score History

You have not taken this quiz